000 00304nam a2200109Ia 4500
008 220204s9999 xx 000 0 und d
082 _a631.96(595.01)
_bAZI.3
100 _aAziz, Ungku
245 0 _aSubdivision of estates in Malaya. 1951-60. V 3; V 1
260 _aUniversity of Malaya
_c1962
942 _cBK
999 _c19984
_d19984